Quizzes
Events
Quiz Creation
Community
Videos
Private Events
Remove Ads
Sign In
Join for FREE
Feedback
Dark Mode
Quiz Categories
Sports
Geography
Music
Movies
Television
Just For Fun
Miscellaneous
History
Literature
Language
Science
Gaming
Entertainment
Religion
Holiday
For Kids
Quiz Lab
Recent
Popular Today
Quiz Kudos Today
Editor Picks
Curator Picks
Quizzes by...
Day
Popularity
Type
Ratings
Length
Year
Community
Subscriptions
Recent Discussions
Orange Saloon
Badges
Playlists
Quests
Create
Leaderboards
Showdown
Live 5
Trivia Bingo
Activity
Puzzle Library
Sporcle Events
Private Events
Virtual Trivia
Globe League
Become a Host
Pub Owners
SporcleCon
Opinionation
Our Games
Videos
Blog
Mobile Apps
Partnerships
Remove Ads and Go Orange
Feedback
Just For Fun
Clickable
Get the Picture
Humor
Quick Pick
Word Ladder
Missing Word
Mixed Word
Blitz
Minefield
This or That
Alphabet
Color
Typing
Sporcle
Puzzle
Word Play
Follow That Line
Logic
Just For Fun
Clickable
Get the Picture
Humor
Quick Pick
Word Ladder
Missing Word
Mixed Word
Blitz
Minefield
This or That
Alphabet
Color
Typing
Sporcle
Puzzle
Word Play
Follow That Line
Logic
Random Quiz
Search Sporcle
×
Quiz Lab
Quiz Lab
Just For Fun
charlie
Type in answers that appear in a list
Type in answers that appear in a list
Classic
Best Score? Go Orange.
Peanuts Gang Stats
Can you name the members of this classic Charles Schultz gang?
By
stingray96
5m
18 Questions
278 Plays
278 Plays
278 Plays
Comments
Comments
Give Quiz Kudos
Give Quiz Kudos
-
- Ratings
hide this ad
Replay
Link that replays current quiz
Next Quiz
Link to next quiz in quiz playlist
You Got
0%
They Got
Avg Score
67%
Avg Friend Score
Upgrade to see
Score Distribution
Jump to the score distribution portion of the page
Score
0/18
Timer
05:00
0
Plays Today
Characters
% Correct
Charlie Brown
96.4%
Snoopy
96%
Lucy
95%
Linus
94.6%
Sally
86.7%
Woodstock
85.6%
Peppermint Patty
78.1%
Pig-pen
75.2%
Franklin
73%
Characters
% Correct
Marcie
72.3%
Schroeder
71.9%
Rerun
65.8%
Violet Gray
64%
Patty
59.4%
Frieda
48.2%
Shermie
23%
Peggy
18.7%
Charlotte
15.1%
Quiz Playlist
Details
Report
Send in Message
Add To Playlist
Classic:
Type in answers that appear in a list
Last Updated: Feb 16, 2017
Quiz Scoreboard
CHALLENGE
Sign Up to Join the Scoreboard
Show All
Scores
Hide
Comments
May contain spoilers
Recently Published
Presidents Visiting Landmarks
by Hejman
History
7m
An Introduction to Baseball
by treessimontrees
Sports
5m
Movies - When Are They Set?
by FPL_Elf
Movies
5m
More to Explore
Quiz From the Vault
Featured Blog Post
Where Did the Easter Bunny Come From?
hide this ad
You Might Also Like...
Tags
charlie
Charlie Brown
Peanuts Characters
Today's Top Quizzes in Just For Fun
Browse Just For Fun
hide this ad
Today's Top Quizzes in charlie
Browse charlie
Top Contributed Quizzes in Just For Fun
1
Crossword Whiteout! 49
2
Killer Double Trees 224 - Colour Match-Up
3
Harry Potter Logic - 'In Chains' II
4
Spring Typing Challenge
5
Survivor Winners Logic Puzzle
6
Zeroing In: Just For Fun
7
Word Ladder: Ahoy Matey
8
Edinburgh Fringe jokes 2015
9
Thermometer Puzzle 25
10
Aquarium Logic Puzzle 17
Explore More
Trending Topics
Crossword
Disney
Harry Potter
Marvel
Anime
Kpop
NBA
Country
The Office
NFL
Song
WWE
Puzzle
Pokémon
Soccer
hide this ad
More By:
stingray96
Quiz
Plays
Rating
Category
Featured
Created
Finish the Lyrics 2010
7,307
1.34
Music
Nov 25, 2010
Finish the Elf Quote
1,918
3.86
Movies
Nov 26, 2010
Bruno Mars: Count on Me Lyrics
1,813
2.15
Music
Jul 23, 2011
Finish the Taylor Swift Lyrics
699
4.00
Music
Jan 1, 2011
Dog Days Are Over Lyrics
443
2.17
Music
Jan 11, 2011
Go to Creator's Profile
Score Distribution
Quiz Creator Spotlight
stingray96
Follow
Send a Message
Quizzes Created
-
Created Quiz Play Count
-
More By This Creator
Popular Quizzes Today
1
Find the Countries of Europe - No Outlines Minefield
2
Find the US States - No Outlines Minefield
3
The Countries of the World
4
Popular People in 1961
5
Find the US States
6
US States
7
1-10 Letter E Words III
8
Risky Map Clicking: Biggest States A-Z
More Just For Fun Quizzes
Missing Word: 'Yesterday' Lyrics
Published
Trending Quizzes
Risky Map Clicking: Least Populous States A-Z
1-10 Letter F Words
1-10 Letter G Words
One Thing in Common: United Kingdom
Risky Map Clicking: Next State Alphabetically
Recently Updated
Leaping Animals
pecheneg
Reality TV Shows (A-Z)
bhenderson79
Rickey Henderson's Hall of Fame Teammates
pecheneg
Champions League XIs: Arsenal
pecheneg
Quick Pick: Celebrities in WWE's Hall of Fame
aduchscher
A-Z Keypad Blitz II
pecheneg
Multiple Oscar Actors
pecheneg
Mystery Phrase Blitz: Oscar 'Best Actors'
pecheneg
F. Scott Fitzgerald Novels
LTH
Pick 3 Villains
ddd62291
Trending Topics
Anime
Marvel
NBA
Kpop
Harry Potter
Crossword
Disney
Song
WWE
Pokémon
NFL
The Office
Puzzle
Country
Soccer
Your Account Isn't Verified!
In order to create a playlist on Sporcle, you need to verify the email address you used during registration. Go to your
Sporcle Settings
to finish the process.
Report this User
Report this user for behavior that violates our
Community Guidelines
.
Details:
Send Report
Go to the Sporcle.com Mobile Site →
Comments